| 000 | 00457 a2200145 4500 | ||
|---|---|---|---|
| 005 | 20250605085717.0 | ||
| 020 | _a0-340-799811 | ||
| 082 | _aLECT 658 MAR | ||
| 100 | _aMARCOUSE, I | ||
| 245 | _aA-Z Business studies work-book | ||
| 260 |
_aLondon, _bHodder & Stoughton, _c2002. |
||
| 300 |
_av, 233p.: ill.; chart, figure, graph, table. _c25cm. |
||
| 856 |
_yAccess online book _fA-Z Business studies work-book _dwww.hodderheadline.co.uk |
||
| 942 |
_2ddc _cBKS |
||
| 999 |
_c3188 _d3188 |
||